Statistics for World Geography on a Map #3

Click here to take the quiz!

General Stats

  • This quiz has been taken 3,694 times
  • The average score is 18 of 25

Answers on the Map

Answers color-coded by a green-red scale on the quiz's map according to % correct below.
Loading ...
 

Answer Stats

TypeAnswer% Correct
Capital CityMadrid
98%
CountryMali
93%
Capital CitySantiago
92%
CountryMozambique
91%
RiverAmazon
91%
SeaBlack Sea
91%
CountryBelarus
90%
Capital CityWellington
90%
SeaBaltic Sea
89%
CountryUzbekistan
88%
SeaGulf of Mexico
87%
RiverMississippi
86%
SeaSea of Japan
79%
CountryCosta Rica
75%
SeaBay of Bengal
73%
Capital CityIslamabad
72%
RiverDanube
72%
RiverYangtze
68%
SeaHudson Bay
66%
SkyscraperBurj Khalifa
65%
Capital CityLuanda
60%
SkyscraperShanghai Tower
33%
SkyscraperRoyal Mecca Clock Tower
16%
SkyscraperPing An Finance Centre
6%
SkyscraperLotte World Tower
6%

Score Distribution

Percentile by Number Answered

Percent of People with Each Score

Your Score History

You have not taken this quiz